000 00641nam a2200181Ia 4500
008 100920s9999 xx 000 0 und d
082 _b60701
_a61 थ 63
100 _aदेवगिरीकर त्र्यं. र.
245 _aतिबेटचा बळी.
260 _bचित्रशाळा प्रेस प्रकाशन, पुणे.
_c1963
300 _a117
_bसाधी
365 _b2.5
520 _aस्थानिक वाचन.
630 _aतिबेटचा बळी.
650 _aस्थानिक वाचन.
730 _aतिबेटचा बळी.
942 _cBOOK
999 _c703952
_d703949